<?xml version="1.0" encoding="UTF-8"?>
<record
    xmlns:xsi="http://www.w3.org/2001/XMLSchema-instance"
    xsi:schemaLocation="http://www.loc.gov/MARC21/slim http://www.loc.gov/standards/marcxml/schema/MARC21slim.xsd"
    xmlns="http://www.loc.gov/MARC21/slim">

  <leader>00863nam a2200181 i 4500</leader>
  <controlfield tag="001">20722</controlfield>
  <controlfield tag="003">ES-MaACL</controlfield>
  <controlfield tag="005">20230906152342.0</controlfield>
  <controlfield tag="007">t|</controlfield>
  <controlfield tag="008">021118s19681969sp           ||||1| spa d</controlfield>
  <datafield tag="111" ind1="2" ind2=" ">
    <subfield code="a">Congreso Internacional de Estudios Pirenaicos (</subfield>
    <subfield code="n">5&#xBA;. </subfield>
    <subfield code="d">1966. </subfield>
    <subfield code="c">Jaca)</subfield>
    <subfield code="9">428</subfield>
  </datafield>
  <datafield tag="245" ind1="1" ind2="0">
    <subfield code="a">Actas del Quinto Congreso Internacional de Estudios Pirenaicos </subfield>
    <subfield code="b">: Jaca, Pamplona, 1966.</subfield>
  </datafield>
  <datafield tag="260" ind1=" " ind2=" ">
    <subfield code="a">Jaca : </subfield>
    <subfield code="b">Instituto de Estudios Pirenaicos, </subfield>
    <subfield code="c">1968-1969.</subfield>
  </datafield>
  <datafield tag="300" ind1=" " ind2=" ">
    <subfield code="a">3 v. ; </subfield>
    <subfield code="c">24 cm.</subfield>
  </datafield>
  <datafield tag="505" ind1="8" ind2=" ">
    <subfield code="a">T. I. Geolog&#xED;a, Morfolog&#xED;a y Geof&#xED;sica -- T. III. Prehistoria, Antropolog&#xED;a y Etnolog&#xED;a. Geograf&#xED;a, Historia del Arte y Derecho. Filolog&#xED;a y Lingu&#xED;stica -- T. IV. Actas generales. Cr&#xF3;nica. Coloquio sobre la vida y econom&#xED;a pirenaica. Conclusiones</subfield>
  </datafield>
  <datafield tag="710" ind1="2" ind2=" ">
    <subfield code="a">Instituto de Estudios Pirenaicos.</subfield>
    <subfield code="9">4922</subfield>
  </datafield>
  <datafield tag="852" ind1=" " ind2=" ">
    <subfield code="a">ES-MaACL</subfield>
    <subfield code="j">P-1627 </subfield>
    <subfield code="b">R.69594</subfield>
  </datafield>
  <datafield tag="999" ind1=" " ind2=" ">
    <subfield code="c">20722</subfield>
    <subfield code="d">20722</subfield>
  </datafield>
  <datafield tag="952" ind1=" " ind2=" ">
    <subfield code="0">0</subfield>
    <subfield code="1">0</subfield>
    <subfield code="4">0</subfield>
    <subfield code="7">0</subfield>
    <subfield code="a">ATENEOM</subfield>
    <subfield code="b">ATENEOM</subfield>
    <subfield code="c">DEPO2</subfield>
    <subfield code="d">2008-01-17</subfield>
    <subfield code="e">SC</subfield>
    <subfield code="l">0</subfield>
    <subfield code="o">P-1627</subfield>
    <subfield code="p">1021276</subfield>
    <subfield code="r">2023-02-23 00:00:00</subfield>
    <subfield code="w">2023-02-23</subfield>
    <subfield code="y">MONOGRAFIA</subfield>
  </datafield>
</record>
